| 000 | 00647cab a2200241 4500 | ||
|---|---|---|---|
| 001 | ABS57745 | ||
| 008 | 090401t1997 xxu||||| |||| 00| 0 eng d | ||
| 035 | _a(Sirsi) u81639 | ||
| 041 | _aeng | ||
| 100 | _aPerrin, S. | ||
| 245 | _aWelcome to the eurozone | ||
| 260 | _c1997 | ||
| 350 | _a0 | ||
| 490 |
_aManagement Today _vOctober 1997, 52-56(4) |
||
| 520 | _aDiscusses how all British businesses are going to have to deal with the euro and urges everyone to prepare. | ||
| 650 | _aBRITISH COMPANIES | ||
| 650 | _aEMU | ||
| 650 | _aEURO | ||
| 650 | _aFUTURE | ||
| 690 | _aEUROPE-SINGLE MARKET | ||
| 942 | _n0 | ||
| 948 | _c22/10/1997 | ||
| 999 |
_c51455 _d51455 |
||